Všeobecná charakteristika a ústavnoprávne základy štátnej služby

Ústavnoprávne základy štátnej služby. Pojem štátna služba. Komparácia ústavného zakotvenia inštitútov štátnej (verejnej) služby v ústavnoprávnej úprave.

Na minha lista:
Detalhes bibliográficos
Autor principal: Kuril, Jozef
Formato: Capítulo de Livro
Idioma:eslovaco
Assuntos:
Tags: Adicionar Tag
Sem tags, seja o primeiro a adicionar uma tag!

MARC

LEADER 00000naa a2200000 4500
001 0241307
005 20180410102059.1
041 0 |a slo 
044 |a SK 
245 1 0 |a Všeobecná charakteristika a ústavnoprávne základy štátnej služby  |c Jozef Kuril 
520 |a Ústavnoprávne základy štátnej služby. Pojem štátna služba. Komparácia ústavného zakotvenia inštitútov štátnej (verejnej) služby v ústavnoprávnej úprave. 
610 2 0 |a služba štátna 
610 2 0 |a služba verejná 
610 2 0 |a ústava 
610 2 0 |a pojmy 
610 2 0 |a legislatíva 
100 1 |a Kuril, Jozef